000 00771nam a2200241 a 4500
005 20240913064018.0
008 040128s1998 mx r 000 0 spa d
020 _a8430106871
035 _aUPN01000131603
049 _aCG
050 4 _aB945 M2.98
_bM3.2 1998
100 1 _aMarcuse, Herbert,
_d1898-1979
_929033
245 1 0 _aA la búsqueda del sentido /
_cH. Marcuse, K. Popper, M. Horkheimer.
250 _a3a ed.
260 _aSalamanca, Esp. :
_bSígueme,
_c1998.
300 _a136 p.
440 0 _aHermeneia ;
_v3
600 1 0 _aMarcuse, Herbert,
_d1898-1979
_929033
650 2 _aSociología
_xFilosofía
_98941
700 1 _aHorkheimer, Max,
_d1895-1973
_ecoaut.
_928766
700 1 _aPopper, Karl R.
_q(Karl Raimund),
_d1902-1994
_ecoaut.
_9192
905 _aLibro
999 _c103758
_d103758